[Event "Pan American Intercollegiate-chT"]
[Site "Chess.com INT"]
[Date "2021.01.06"]
[Round "8"]
[White "Sliwicka, Alicja"]
[Black "Soetedjo, James"]
[Result "1-0"]
[WhiteElo "2333"]
[BlackElo "1960"]
[PlyCount "91"]
[EventDate "2021.01.04"]
[EventType "team-swiss (rapid)"]
[EventRounds "9"]
[EventCountry "USA"]
[SourceTitle "CBM 200 Extra"]
[Source "ChessBase"]
[SourceDate "2021.03.31"]
[SourceVersion "1"]
[SourceVersionDate "2021.03.31"]
[SourceQuality "1"]
[WhiteTeam "Texas Rio Grande Valley Univ (W)"]
[BlackTeam "Washington Univ II"]
[WhiteTeamCountry "USA"]
[BlackTeamCountry "USA"]

1. e4 c6 2. d4 d5 3. e5 Bf5 4. c4 e6 5. Nc3 Nd7 6. a3 dxc4 7. Bxc4 Nb6 8. Bb3 c5 9. Nge2 cxd4 10. Nxd4 Bc5 11. Be3 Bxd4 12. Qxd4 Ne7 13. Nb5 0-0 14. Nd6 Nc6 15. Qf4 Nd7 16. Nxf5 exf5 17. e6 Qa5+ 18. Bd2 Qe5+ 19. Qxe5 Ndxe5 20. exf7+ Nxf7 21. 0-0 Nd4 22. Ba2 Rad8 23. Be3 Nc2 24. Rac1 Nxe3 25. fxe3 Kh8 26. Rxf5 Nd6 27. Rxf8+ Rxf8 28. Bd5 g6 29. e4 Re8 30. Re1 Re5 31. Kf2 b6 32. Ke3 Re7 33. Rc1 Kg7 34. Rc6 Nf5+ 35. Kf4 Nd4 36. Rc8 Kh6 37. Rc4 g5+ 38. Kg4 Nb5 39. Rc6+ Kg7 40. Kxg5 h6+ 41. Kf4 Nc7 42. Ba2 Ne8 43. e5 Nc7 44. Kf5 Nb5 45. Rg6+ Kh7 46. Kf6 1-0

[Event "Washington Class-ch A"]
[Site "Redmond"]
[Date "2012.11.23"]
[Round "1"]
[White "Pazderic, Nicola"]
[Black "Soetedjo, James"]
[Result "1/2-1/2"]
[WhiteElo "1922"]
[BlackElo "1730"]
[PlyCount "45"]
[EventDate "2012.11.23"]
[EventType "swiss"]
[EventRounds "6"]
[EventCountry "USA"]
[SourceTitle "EXT 2017"]
[Source "ChessBase"]
[SourceDate "2016.10.25"]
[SourceVersion "1"]
[SourceVersionDate "2016.10.25"]
[SourceQuality "1"]

1. e4 c5 2. Bc4 Nc6 3. c3 Nf6 4. Qe2 d6 5. Nf3 Bg4 6. 0-0 e6 7. h3 Bxf3 8. Qxf3 Be7 9. Qg3 0-0 10. Re1 Ne5 11. Bb3 Nh5 12. Qe3 Bg5 13. Qe2 Nf4 14. Qf1 Nfd3 15. Rd1 Qf6 16. Na3 Qf4 17. Nc4 Nxc1 18. Raxc1 Nxc4 19. Qxc4 a6 20. Qe2 Be7 21. g3 Qf6 22. d4 cxd4 23. cxd4 1/2-1/2

[Event "US Open-113"]
[Site "Vancouver"]
[Date "2012.08.10"]
[Round "5"]
[White "Soetedjo, James"]
[Black "Sloan, Sam"]
[Result "1/2-1/2"]
[WhiteElo "1733"]
[BlackElo "1916"]
[PlyCount "97"]
[EventDate "2012.08.04"]
[EventType "swiss"]
[EventRounds "9"]
[EventCountry "USA"]
[SourceTitle "CBM 149 Extra"]
[Source "ChessBase"]
[SourceDate "2012.08.24"]
[SourceVersion "1"]
[SourceVersionDate "2012.08.24"]
[SourceQuality "1"]

1. d4 Nf6 2. Nf3 g6 3. e3 Bg7 4. Bd3 0-0 5. 0-0 d6 6. Nbd2 Nbd7 7. c3 c5 8. Re1 a6 9. a4 Qa5 10. Nc4 Qc7 11. h3 b6 12. Qe2 Bb7 13. b3 b5 14. Ncd2 cxd4 15. cxd4 Qc3 16. Ba3 Bxf3 17. gxf3 bxa4 18. bxa4 Qa5 19. Nc4 Qh5 20. Kh2 h6 21. Rg1 Nh7 22. f4 Qd5 23. Rac1 Rfb8 24. f3 Rb3 25. Be4 Qh5 26. Bxa8 d5 27. Ne5 Nxe5 28. fxe5 Rxa3 29. Rc8+ Bf8 30. Bxd5 Ng5 31. Rg3 Kg7 32. Qf2 e6 33. f4 Nh7 34. Qf3 Qh4 35. Bc4 Rxa4 36. Qa8 Ra3 37. Qe4 Ng5 38. Qc2 Ra1 39. fxg5 Rh1+ 40. Kxh1 Qxg3 41. gxh6+ Kh7 42. Rxf8 Qxh3+ 43. Kg1 Qxe3+ 44. Qf2 Qg5+ 45. Kf1 Qc1+ 46. Kg2 Qg5+ 47. Kf3 Qf5+ 48. Ke3 Qh3+ 49. Qf3 1/2-1/2

[Event "US Open-113"]
[Site "Vancouver"]
[Date "2012.08.09"]
[Round "3"]
[White "Soetedjo, James"]
[Black "Gamble, Jonathan P"]
[Result "1-0"]
[WhiteElo "1733"]
[BlackElo "1357"]
[PlyCount "51"]
[EventDate "2012.08.04"]
[EventType "swiss"]
[EventRounds "9"]
[EventCountry "USA"]
[SourceTitle "CBM 149 Extra"]
[Source "ChessBase"]
[SourceDate "2012.08.24"]
[SourceVersion "1"]
[SourceVersionDate "2012.08.24"]
[SourceQuality "1"]

1. d4 f5 2. c4 e6 3. Nc3 Bb4 4. Nf3 Bxc3+ 5. bxc3 Nf6 6. e3 Ne4 7. Qc2 b6 8. Bd3 Bb7 9. 0-0 0-0 10. Nd2 Nxd2 11. Qxd2 Qg5 12. f3 d6 13. e4 f4 14. Re1 Nd7 15. Rb1 Rf6 16. Ba3 c5 17. Rf1 e5 18. Bc2 Rh6 19. dxc5 Nxc5 20. Bxc5 dxc5 21. Qd7 Qh4 22. Qxb7 Qxh2+ 23. Kf2 Qg3+ 24. Ke2 Rd8 25. Rbd1 Rhd6 26. Rxd6 1-0